A porte chiuse. (Record n. 360175)

Dettagli MARC
000 -LEADER
campo di controllo lung. fissa 01819nam a22002057a 4500
003 - Identificatore del numero di controllo
campo di controllo IT-MiCISF
005 - Data e orario dell'ultima transazione
campo di controllo 20240703142905.0
008 - Elementi di lunghezza fissa--Informazione generale
campo di controllo lung. fissa 240703b |||||||| |||| 00| 0 eng d
040 ## - Fonte della catalogazione
Agenzia che fa la trascrizione IT-MiCISF
041 ## - Codice di lingua
Codice di lingua del testo/traccia sonora o titolo separato it
100 ## - Accesso principale -- nome di persona
Nome di persona Lunardelli Floriana
9 (RLIN) 60869
245 ## - Formulazione del titolo
Titolo A porte chiuse.
Complemento del titolo Violenza domestica e dipendenza affettiva. Volti del male contemporaneo
260 ## - Pubblicazione, distribuzione, ecc. (stampa)
Luogo di pubblicazione, distribuzione, ecc. Genova,
Nome dell'editore, distributore, ecc. Erga Edizioni,
Data di pubblicazione, distribuzione, ecc. 2022
300 ## - Descrizione fisica
Estensione pp. 187
500 ## - Nota generale
Nota generale donna, violenza, abuso-coniugale, società, cultura, psicoanalisi, esperienze
520 ## - Riassunto, ecc.
Nota di riassunto, ecc. L'Autrice è operatrice all'interno di un centro antiviolenza genovese nel quale si accolgono donne maltrattate. Questo scritto descrive a 360 gradi la violenza domestica. Parte dal tema del male e dall'idea che la violenza, soprattutto quella domestica a carico di donne e minori, sia l'espressione più pericolosa, ma al contempo più celata agli occhi di aggressori e vittime, del male post-moderno. L'Autrice non si ferma quindi ad una mera analisi teorica: a corollario di questo studio ci fornisce due preziose testimonianze in cui porta alla luce il percorso di aiuto necessario a sostenere chi, il Male, lo ha subito "a porte chiuse", all'interno di quelle mura domestiche che non contengono il calore di una famiglia ma il dolore della violenza. La violenza, in qualunque forma venga agita, fisica, psicologica, sessuale e/o economica, ha come obiettivo quello di incutere paura e assoggettamento. Talvolta segue una ciclicità, fatta di passaggi, durante i quali si alternano tensione, intimidazione, esplosione dell'aggressività, pentimento, fase della "luna di miele", nella quale la donna tendenzialmente perdona il proprio carnefice nell'illusione che questi possa cambiare.<br/><br/>
650 ## - Accesso aggiunto di soggetto--termine topico
Termine topico o nome geografico come accesso Maltrattamenti / violenza
654 ## - Accesso aggiunto di soggetto--termini topici faccettati
Termine principale saggio
942 ## - Dati aggiuntivi (Koha)
Fonte della classificazione o dello schema di collocazione (segnatura) Dewey Decimal Classification
Tipo copia default (Koha) LIBRO
Dati di copia
Ritirato (status) Perso (status) Fonte della classificazione o dello schema di collocazione (segnatura) Danneggiato (status) Non per il presito Biblioteca proprietaria Biblioteca in cui si trova Data d'acquisizione Totale prestiti Collocazione Data ultima operazione Prezzo in vigore dal Tipo copia default (Koha)
    Dewey Decimal Classification Buone Condizioni Not For Loan CISF - Milano CISF - Milano 03/07/2024   B7836 03/07/2024 03/07/2024 LIBRO
CREDITS: SOCIETA' SAN PAOLO Via A.Severo, 58 - ROMA (RM) & PERIODICI SAN PAOLO SRL Via Giotto, 36 MILANO & CISF Via Giotto, 36 MILANO & EDIZIONI SAN PAOLO SRL,  Piazza Soncino, 5 CINISELLO BALSAMO (MI) -- ITALY